00266nam a2200097Ia 4500008004100000100002400041245004700065260003200112300000800144650001600152191201s1982 xx 000 0 und d aMILLER, Timothy J.E 0aReactive Power Control in Electric Systems aN. DelhibWiley Indiac1982 a381 aB.Tech(ECE)